<?xml version="1.0" encoding="UTF-8"?>
<record
    xmlns:xsi="http://www.w3.org/2001/XMLSchema-instance"
    xsi:schemaLocation="http://www.loc.gov/MARC21/slim http://www.loc.gov/standards/marcxml/schema/MARC21slim.xsd"
    xmlns="http://www.loc.gov/MARC21/slim">

  <leader>00862nam a22001817a 4500</leader>
  <datafield tag="952" ind1=" " ind2=" ">
    <subfield code="0">0</subfield>
    <subfield code="1">0</subfield>
    <subfield code="2">ddc</subfield>
    <subfield code="4">0</subfield>
    <subfield code="7">0</subfield>
    <subfield code="8">NFIC</subfield>
    <subfield code="a">ASL</subfield>
    <subfield code="b">ASL</subfield>
    <subfield code="c">GEN</subfield>
    <subfield code="d">2020-09-15</subfield>
    <subfield code="e">Complementary</subfield>
    <subfield code="l">0</subfield>
    <subfield code="o">297.09 RAG</subfield>
    <subfield code="p">101070</subfield>
    <subfield code="r">2020-09-15 00:00:00</subfield>
    <subfield code="t">C-1</subfield>
    <subfield code="w">2020-09-15</subfield>
    <subfield code="y">BK</subfield>
  </datafield>
  <datafield tag="952" ind1=" " ind2=" ">
    <subfield code="0">0</subfield>
    <subfield code="1">0</subfield>
    <subfield code="2">ddc</subfield>
    <subfield code="4">0</subfield>
    <subfield code="7">0</subfield>
    <subfield code="8">NFIC</subfield>
    <subfield code="a">ASL</subfield>
    <subfield code="b">ASL</subfield>
    <subfield code="c">GEN</subfield>
    <subfield code="d">2020-09-15</subfield>
    <subfield code="e">Complementary</subfield>
    <subfield code="l">0</subfield>
    <subfield code="o">297.09 RAG</subfield>
    <subfield code="p">101071</subfield>
    <subfield code="r">2020-09-15 00:00:00</subfield>
    <subfield code="t">C-2</subfield>
    <subfield code="w">2020-09-15</subfield>
    <subfield code="y">BK</subfield>
  </datafield>
  <datafield tag="952" ind1=" " ind2=" ">
    <subfield code="0">0</subfield>
    <subfield code="1">0</subfield>
    <subfield code="2">ddc</subfield>
    <subfield code="4">0</subfield>
    <subfield code="7">0</subfield>
    <subfield code="8">NFIC</subfield>
    <subfield code="a">ASL</subfield>
    <subfield code="b">ASL</subfield>
    <subfield code="c">GEN</subfield>
    <subfield code="d">2023-03-27</subfield>
    <subfield code="e">Complimentary</subfield>
    <subfield code="l">0</subfield>
    <subfield code="o">297.09 RAG</subfield>
    <subfield code="p">120071</subfield>
    <subfield code="r">2023-03-27 00:00:00</subfield>
    <subfield code="t">C-3</subfield>
    <subfield code="w">2023-03-27</subfield>
    <subfield code="y">BK</subfield>
    <subfield code="z">Y-1995</subfield>
  </datafield>
  <datafield tag="999" ind1=" " ind2=" ">
    <subfield code="c">17930</subfield>
    <subfield code="d">17930</subfield>
  </datafield>
  <controlfield tag="003">BDDh-ASL</controlfield>
  <controlfield tag="005">20231015025646.0</controlfield>
  <controlfield tag="008">200915b1995       ||||| |||| 00| 0     d</controlfield>
  <datafield tag="040" ind1=" " ind2=" ">
    <subfield code="a">BDDh-ASL</subfield>
    <subfield code="c">BDDh-ASL</subfield>
    <subfield code="d">BDDh-ASL</subfield>
  </datafield>
  <datafield tag="082" ind1=" " ind2=" ">
    <subfield code="a">297.09</subfield>
    <subfield code="b">RAG</subfield>
  </datafield>
  <datafield tag="245" ind1="1" ind2=" ">
    <subfield code="a">&#x9B0;&#x998;&#x9C1;&#x9A8;&#x9BE;&#x9A5;&#x9AA;&#x9C1;&#x9B0; &#x9AA;&#x9C0;&#x9B0; &#x9AA;&#x9B0;&#x9BF;&#x9AC;&#x9BE;&#x9B0;&#x9C7;&#x9B0; &#x995;&#x9C1;&#x9B0;&#x9CD;&#x9B8;&#x9BF;&#x9A8;&#x9BE;&#x9AE;&#x9BE;/</subfield>
    <subfield code="c">&#x9B8;&#x9C8;&#x9AF;&#x9BC;&#x9A6; &#x9AE;&#x9C1;&#x99C;&#x9BF;&#x9AC; &#x989;&#x9B2;&#x9CD;&#x9B2;&#x9BE;&#x9B9;&#x9CD; (&#x9B8;&#x9AE;&#x9CD;&#x9AA;&#x9BE;.)</subfield>
  </datafield>
  <datafield tag="246" ind1=" " ind2=" ">
    <subfield code="a">Ragunathpur Pir Paribarer Kurshinama</subfield>
  </datafield>
  <datafield tag="260" ind1=" " ind2=" ">
    <subfield code="a">&#x995;&#x9C1;&#x9AE;&#x9BF;&#x9B2;&#x9CD;&#x9B2;&#x9BE;:</subfield>
    <subfield code="b">&#x996;&#x9A8;&#x9CD;&#x9A6;&#x995;&#x9BE;&#x9B0; &#x98F;&#x9CD;&#x9AF;&#x9BE;&#x9B8;&#x9BF;&#x9B8;&#x99F;&#x9C7;&#x9A8;&#x9CD;&#x9B8; &#x9AB;&#x9BE;&#x989;&#x9A8;&#x9CD;&#x9A1;&#x9C7;&#x9B6;&#x9A8;, </subfield>
    <subfield code="c">&#x9E7;&#x9EF;&#x9EF;&#x9EB;&#x964; </subfield>
  </datafield>
  <datafield tag="300" ind1=" " ind2=" ">
    <subfield code="a">&#x9E9;&#x9EF; &#x9AA;&#x9C3;&#x9B7;&#x9CD;&#x9A0;&#x9BE;: </subfield>
    <subfield code="c">&#x9E8;&#x9E7; &#x9B8;&#x9C7;. &#x9AE;&#x9BF;.&#x964; </subfield>
  </datafield>
  <datafield tag="650" ind1=" " ind2="0">
    <subfield code="9">751</subfield>
    <subfield code="a">&#x9AA;&#x9C0;&#x9B0; &#x9AA;&#x9B0;&#x9BF;&#x9AC;&#x9BE;&#x9B0;</subfield>
    <subfield code="x">&#x9AA;&#x9C0;&#x9B0; &#x9AC;&#x982;&#x9B6;</subfield>
  </datafield>
  <datafield tag="700" ind1="1" ind2=" ">
    <subfield code="9">750</subfield>
    <subfield code="a">&#x989;&#x9B2;&#x9CD;&#x9B2;&#x9BE;&#x9B9;&#x9CD;, &#x9B8;&#x9C8;&#x9AF;&#x9BC;&#x9A6; &#x9AE;&#x9C1;&#x99C;&#x9BF;&#x9AC;</subfield>
  </datafield>
  <datafield tag="942" ind1=" " ind2=" ">
    <subfield code="2">ddc</subfield>
    <subfield code="c">BK</subfield>
  </datafield>
</record>
